Most Popular Songs - 1980 - Statistics

General Stats
  • This quiz has been taken 25 times
  • The average score is 5 of 12
Answer Stats
Month Artist - Some names are Shortened Song % Correct
March Pink Floyd Another Brick In The Wall
77%
April Blondie Call Me
77%
October Queen Another One Bites The Dust
59%
June Lipps Inc. Funkytown
59%
July Olivia Newton - John Orchestra Xanadu
36%
February Queen Crazy Little Thing Called Love
32%
September Diana Ross Upside Down
32%
May Paul McCartney Coming Up
27%
August ABBA The Winner Takes It All
23%
November Barbra Streisand Woman In Love
18%
January Michael Jackson Rock You
9%
December ABBA Super Trouper
5%
No matching quizzes found
Score Distribution
Percent of People with Each Score
Percentile by Number Answered
Your Score History
You have not taken this quiz